Sims 4 Packs - Statistics

General Stats
  • This quiz has been taken 218 times
    62 since last reset
  • The average score is 26 of 80
Answer Stats
Release Year Code Pack Name % Correct
2015 EP01 Get to Work
93%
2017 EP04 Cats and Dogs
83%
2016 EP03 City Living
75%
2015 EP02 Get Together
75%
2017 GP04 Vampires
75%
2019 EP07 Island Living
73%
2018 EP05 Seasons
73%
2018 EP06 Get Famous
70%
2023 EP14 Horse Ranch
70%
2021 EP11 Cottage Living
68%
2022 EP12 High School years
65%
2023 EP13 Growing Together
63%
2015 GP01 Outdoor Retreat
63%
2019 EP08 Discover University
60%
2015 GP02 Spa Day
60%
2020 EP09 Eco Lifestyle
55%
2020 EP10 Snowy Escape
55%
2023 EP15 For Rent
53%
2019 GP07 StrangerVille
53%
2022 GP12 Werewolves
53%
2016 GP03 Dine Out
48%
2018 GP06 Jungle Adventure
48%
2017 GP05 Parenthood
48%
2020 SP16 Tiny Living
48%
2014 Base Game
45%
2018 SP14 My First Pet
45%
2019 GP08 Realm of Magic
45%
2022 GP11 My Wedding Stories
43%
2015 SP02 Perfect Patio
40%
2021 SP18 Paranormal
38%
2016 SP06 Romantic Garden
38%
2017 SP12 Toddlers
38%
2021 SP22 Bust the Dust
35%
2018 SP13 Laundry Day
35%
2017 SP11 Fitness
30%
2019 SP15 Moschino
30%
2020 SP17 Nifty Knitting
30%
2016 SP08 Backyard
28%
2021 GP10 Dream Home Decorator
28%
2015 SP01 Luxury Party
28%
2015 SP04 Spooky
28%
2017 SP10 Bowling Night
25%
2016 SP07 Kids Room
25%
2016 SP09 Vintage Glamour
25%
2015 SP03 Cool Kitchen
23%
2021 SP21 Country Kitchen
23%
2023 SP46 Home Chef Hustle
23%
2021 SP29 Blooming Rooms
20%
2024 SP49 Crystal Creations
20%
2024 SP53 Cozy Bistro
18%
2023 SP43 Book Nook
15%
2021 SP23 Courtyard Oasis
15%
2016 SP05 Movie Hangout
15%
2024 SP51 Party Essentials
13%
2020 GP09 Star Wars: Journey to Batuu
13%
2023 SP41 Basement Treasures
10%
2023 SP39 Bathroom Clutter
10%
2023 SP40 Greenhouse Haven
10%
2023 SP42 Grunge Revival
10%
2014 FP01 Holiday Celebration
10%
2021 SP25 Industrial Loft
10%
2022 SP33 Little Campers
10%
2023 SP45 Modern Luxe
10%
2022 SP37 Pastel Pop
10%
2021 SP20 Throwback Fit
10%
2024 SP47 Castle Estate
8%
2022 SP31 Decor to the Max
8%
2022 SP36 Everyday Clutter
8%
2021 SP24 Fashion Street
8%
2022 SP34 First Fits
8%
2024 SP48 Goth Galore
8%
2022 SP32 Moonlight Chic
8%
2023 SP44 Poolside Splash
8%
2024 SP52 Riviera Retreat
8%
2023 SP38 Simtimates
8%
2022 SP35 Desert Luxe
5%
2021 SP26 Incheon Arrivals
5%
2021 SP28 Modern Menswear
5%
2024 SP50 Urban Homage
5%
2022 SP30 Carnaval Streetwear
3%
No matching quizzes found
Score Distribution
Percent of People with Each Score
Percentile by Number Answered
Your Score History
You have not taken this quiz since the last reset